FAI Seminar 1980 on Fertilisers in India in the Eighties : (Record no. 136294)
[ view plain ]
| 000 -LEADER | |
|---|---|
| fixed length control field | 00809nam a22002057a 4500 |
| 010 ## - LIBRARY OF CONGRESS CONTROL NUMBER | |
| LC control number | A-062408 |
| 020 ## - INTERNATIONAL STANDARD BOOK NUMBER | |
| Terms of availability | 25.00 |
| 035 ## - SYSTEM CONTROL NUMBER | |
| System control number | A-062408 |
| 037 ## - SOURCE OF ACQUISITION | |
| Source of stock number/acquisition | Cen Lib / Ret |
| 040 ## - CATALOGING SOURCE | |
| Original cataloging agency | DPL |
| Language of cataloging | EN |
| 082 ## - DEWEY DECIMAL CLASSIFICATION NUMBER | |
| Classification number | 631.80754 |
| Item number | FER |
| 245 ## - TITLE STATEMENT | |
| Title | FAI Seminar 1980 on Fertilisers in India in the Eighties : |
| Remainder of title | proceedings of the seminar held at New Delhi from December 4-6, 1980 / |
| Statement of responsibility, etc | by The Fertiliser Association of India |
| 260 ## - PUBLICATION, DISTRIBUTION, ETC. (IMPRINT) | |
| Place of publication, distribution, etc | New Delhi |
| Name of publisher, distributor, etc | The Fertiliser Association of India |
| Date of publication, distribution, etc | 1981 |
| 270 ## - ADDRESS | |
| Address | Near Jawaharlal Nehru University |
| City | New Delhi |
| Postal code | 110067 |
| 300 ## - PHYSICAL DESCRIPTION | |
| Extent | Pt 1. Various pages |
| Dimensions | 24cm(Hb) |
| 650 ## - SUBJECT ADDED ENTRY--TOPICAL TERM | |
| Topical term or geographic name as entry element | Fertilizer industry -- India. |
| 9 (RLIN) | 140754 |
| 650 ## - SUBJECT ADDED ENTRY--TOPICAL TERM | |
| Topical term or geographic name as entry element | Fertilizer industry -- Congresses. |
| 9 (RLIN) | 140755 |
| 650 ## - SUBJECT ADDED ENTRY--TOPICAL TERM | |
| Topical term or geographic name as entry element | Fertilizers -- Congresses. |
| 9 (RLIN) | 140756 |
| 942 ## - ADDED ENTRY ELEMENTS (KOHA) | |
| Source of classification or shelving scheme | Dewey Decimal Classification |
| Koha item type | English Books |
| Classification part | 631.80754 |
| Call number suffix | FER |
| Withdrawn status | Lost status | Materials specified (bound volume or other part) | Damaged status | Not for loan | Home library | Current library | Date acquired | Source of acquisition | Cost, normal purchase price | Total Checkouts | Full call number | Barcode | Date last seen | Copy number | Cost, replacement price | Price effective from | Koha item type |
|---|---|---|---|---|---|---|---|---|---|---|---|---|---|---|---|---|---|
| Pt 1 | Central Library | Central Library | 19/03/2016 | Cen Lib/Ret | 25.00 | 631.80754 FER | A-062408 | 19/03/2016 | 1 | 25.00 | 19/03/2016 | English Books |
